kku e-library facility

the invasion of the computer culture: what you need to know about the new world we live in (Record no. 86)

MARC details
000 -LEADER
fixed length control field 00460nam a22001337a 4500
005 - DATE AND TIME OF LATEST TRANSACTION
control field 20251006133247.0
008 - FIXED-LENGTH DATA ELEMENTS--GENERAL INFORMATION
fixed length control field 251006b |||||||| |||| 00| 0 eng d
020 ## - INTERNATIONAL STANDARD BOOK NUMBER
International Standard Book Number 0-877845158
100 ## - MAIN ENTRY--PERSONAL NAME
Personal name Emerson, Allen
Dates associated with a name 1989
245 ## - TITLE STATEMENT
Title the invasion of the computer culture: what you need to know about the new world we live in
Statement of responsibility, etc. / Allen Emerson and Cheryl Forbes
260 ## - PUBLICATION, DISTRIBUTION, ETC.
Place of publication, distribution, etc. Downers Grove,
Name of publisher, distributor, etc. intervarsity Christian fellowship
Date of publication, distribution, etc. 1989
300 ## - PHYSICAL DESCRIPTION
Dimensions 20.8
942 ## - ADDED ENTRY ELEMENTS (KOHA)
Source of classification or shelving scheme Dewey Decimal Classification
Koha item type Books
Suppress in OPAC No

No items available.

©2025 All rights reserved. KKU